000 00929nmm a2200289 a 4500
001 ocm000602894
003 TR-IsHL
005 20201028130602.0
008 131010s2000 tu tur
007 cr cn
020 _a9789753852715
035 _a602894
_b(N$T)
050 0 4 _aPG3349.T9
_bM33 2000
090 0 4 _aPG3349.T9
_bM33 2000
100 1 _aPuşkin, Aleksandr Sergeyeviç
245 1 0 _aMaça kızı
_h[electronic resource] /
_cAleksandr Sergeyeviç Puşkin ; çev. Celal Öner
250 _a1. bs.
260 _aİstanbul :
_bOda Yayınları,
_c2000
300 _a80 p.
650 4 _aDil ve Edebiyat
650 4 _aLanguage and Literature
650 0 _aRus romanı
650 0 _aRussian fiction
650 7 _aLITERARY COLLECTIONS / Russian & Former Soviet Union
_2bisacsh
700 1 _aÖner, Celal
856 4 0 _uhttp://search.ebscohost.com/login.aspx?direct=true&scope=site&db=e011xww&AN=602894
999 _c4103
_d4103